00258 a2200109 4500001000700000020000600007040001100013100003600024240004200060245003700102362000900139166497 a  cMagnum aMoreira, Antonio Flavio Barbosa10aCurriculos e programas no brasillpor10aCurriculos e programas no brasil0 a1899